000 01248cam a22004098i 4500
001 20402645
003 NUST
005 20220825105548.0
008 180312s2018 nyu 001 0 eng
010 _a 2018011819
020 _a9780316415514 (hardcover)
020 _z9781549141973 (audio download)
020 _z9780316415484 (ebook)
038 _aAzhar
040 _aDLC
_beng
_cDLC
_erda
042 _apcc
043 _an-us---
050 0 0 _aHN59.2
_b.B365 2018
082 0 0 _a306.0973
_223
100 1 _aBarry, Dan,
_d1958-
_eauthor.
_993609
245 1 0 _aThis land :
_bdispatches from real America /
_cDan Barry.
250 _aFirst edition.
260 _aNew York, NY :
_bBlack Dog & Leventhal Publishers,
_c2018
263 _a1809
264 1 _c[2018]
300 _apages cm
336 _atext
_btxt
_2rdacontent
337 _aunmediated
_bn
_2rdamedia
338 _avolume
_bnc
_2rdacarrier
500 _aIncludes index.
563 _aHB
651 0 _aUnited States
_xSocial conditions
_y21st century.
_993610
651 0 _aUnited States
_xCivilization
_y21st century.
_993611
906 _a7
_bcbc
_corignew
_d1
_eecip
_f20
_gy-gencatlg
942 _2ddc
_cLC
999 _c590321
_d590321